Normal view
MARC view
- Supervisor: Dr. Aimal Tariq Rextin
Entry Personal Name
001 - CONTROL NUMBER
- control field: 125107
003 - CONTROL NUMBER IDENTIFIER
- control field: NUST
005 - DATE AND TIME OF LATEST TRANSACTION
- control field: 20240813102330.0
008 - FIXED-LENGTH DATA ELEMENTS
- fixed length control field: 240813|| aca||aabn | a|a d
040 ## - CATALOGING SOURCE
- Original cataloging agency: NUST
- Transcribing agency: NUST
100 ## - HEADING--PERSONAL NAME
- Personal name: Supervisor: Dr. Aimal Tariq Rextin
670 ## - SOURCE DATA FOUND
- Source citation: Work cat.: (NUST): Khan, Shahid Ali 125106, Formal Verification of the Health Code System for Quarantine Management: A Case Study in China/
